Escuela rural: historias de microcentros

Guardat en:
Dades bibliogràfiques
Autor principal: Hirmas Ready, Carolina (Autor)
Format: Llibre
Idioma:espanyol
Publicat: Santiago Ministerio de Educación 2000
Matèries:
Etiquetes: Afegir etiqueta
Sense etiquetes, Sigues el primer a etiquetar aquest registre!

MARC

LEADER 00000nam a2200000 a 4500
001 UCO9280
003 CL-VaPUC
008 010125e20000000CL |||||||||||||||||spa|d
082 0 4 |a 370.19346  |b HIR  |2 21 
100 |a Hirmas Ready, Carolina  |e author  |9 547801 
245 1 0 |a Escuela rural: historias de microcentros 
300 |a 203 p 
942 |c BK 
945 |d 20010125 00:00:00  |a cmena 
260 |a Santiago  |b Ministerio de Educación  |c 2000 
650 0 |a Educación rural   |9 308104 
650 0 |a Métodos de enseñanza  |9 270413 
650 0 |a Escuelas rurales  |9 310468 
583 |a last modification  |c 20010125 00:00:00  |k Rodrigo Vera 
999 |c 293542  |d 293540 
952 |0 0  |1 0  |4 0  |6 370_193460000000000_HIR_2000  |7 0  |8 A  |9 345126  |a BIBEDU  |b BIBEDU  |d 2019-11-20  |i 3685918  |o 370.19346 HIR 2000  |p 3685918  |r 2019-11-20  |w 2019-11-20  |y BK  |k BME